000
00275nam a22001217a 4500
999
_c
12557
_d
12557
020
_a
9788120349094
082
_a
150
100
_a
Seligman, Linda
245
_a
Theories of Counselling and Psychotherapy
250
_a
4th edition
260
_a
India
_b
PHI
_c
2014
942
_c
BK